<?xml version="1.0" encoding="UTF-8"?><?xml-stylesheet type="text/xsl" href="static/style.xsl"?><OAI-PMH xmlns="http://www.openarchives.org/OAI/2.0/" xmlns:xsi="http://www.w3.org/2001/XMLSchema-instance" xsi:schemaLocation="http://www.openarchives.org/OAI/2.0/ http://www.openarchives.org/OAI/2.0/OAI-PMH.xsd"><responseDate>2026-06-01T02:18:13Z</responseDate><request verb="GetRecord" identifier="oai:riuma.uma.es:10630/16685" metadataPrefix="marc">https://riuma.uma.es/rest/oai/request</request><GetRecord><record><header><identifier>oai:riuma.uma.es:10630/16685</identifier><datestamp>2026-02-03T12:35:49Z</datestamp><setSpec>com_10630_2254</setSpec><setSpec>col_10630_37957</setSpec></header><metadata><record xmlns="http://www.loc.gov/MARC21/slim" xmlns:dcterms="http://purl.org/dc/terms/" xmlns:doc="http://www.lyncode.com/xoai" xmlns:xsi="http://www.w3.org/2001/XMLSchema-instance" xsi:schemaLocation="http://www.loc.gov/MARC21/slim http://www.loc.gov/standards/marcxml/schema/MARC21slim.xsd">
   <leader>00925njm 22002777a 4500</leader>
   <datafield ind2=" " ind1=" " tag="042">
      <subfield code="a">dc</subfield>
   </datafield>
   <datafield ind2=" " ind1=" " tag="720">
      <subfield code="a">Estrella Tutiven, Ingrid Viviana</subfield>
      <subfield code="e">author</subfield>
   </datafield>
   <datafield ind2=" " ind1=" " tag="260">
      <subfield code="c">2018-06</subfield>
   </datafield>
   <datafield ind2=" " ind1=" " tag="520">
      <subfield code="a">Esta tesis pretende ser una herramienta útil para el estudio de la Ley Orgánica de Comunicación,&#xd;
vigente desde el 2013 en el Ecuador. Hace un análisis de los artículos más polémicos que han dividido la opinión&#xd;
de los actores de la comunicación política del país. Además, examina la evolución de los contenidos&#xd;
comunicacionales (específicamente en la televisión) y la transformación de la situación laboral de las personas que&#xd;
trabajan en el proceso de comunicación, es decir, en los medios. Hace también una medición de la percepción que&#xd;
tienen los ecuatorianos respecto a esta ley.&#xd;
La tesis, de la cual se desprendieron tres artículos científicos y tres ponencias, concluye que la Ley Orgánica de&#xd;
Comunicación actual ha logrado una transformación nunca antes vista en el proceso comunicacional del Ecuador,&#xd;
una metamorfosis que muchos han recibido con beneplácito, mientras que otros, satanizan y rechazan.&#xd;
Finalmente, este trabajo tuvo el aporte de un proyecto de investigación I+D financiado por la Universidad de&#xd;
Guayaquil (Ecuador), “Impacto de la Ley Orgánica de Comunicación en los medios audiovisuales y las opiniones&#xd;
que estos generan en los diferentes actores de la esfera pública”, del cual la autora de la tesis fue la directora.</subfield>
   </datafield>
   <datafield ind1="8" ind2=" " tag="024">
      <subfield code="a">https://hdl.handle.net/10630/16685</subfield>
   </datafield>
   <datafield tag="653" ind2=" " ind1=" ">
      <subfield code="a">Medios de comunicación social - Tesis doctorales</subfield>
   </datafield>
   <datafield tag="653" ind2=" " ind1=" ">
      <subfield code="a">Comunicaciones - Tesis doctorales</subfield>
   </datafield>
   <datafield tag="653" ind2=" " ind1=" ">
      <subfield code="a">Televisión - Tesis doctorales</subfield>
   </datafield>
   <datafield ind2="0" ind1="0" tag="245">
      <subfield code="a">La transformación de la televisión ecuatoriana a raíz de la promulgación de la Ley Orgánica de Comunicación</subfield>
   </datafield>
</record>
</metadata></record></GetRecord></OAI-PMH>